1102 1750 1557 1634 1222 1033 1301 1053 1001 1094 1837 1697 1721 1223 1662 1657 1189 1337 1191 1993 1872 1865 1575 1702 1216 1781 1580 1584 1687 1722 1772 1113 1785 1707 1421 1391 1725 1465 1174 1878 1963 1444 1136 1844 1836 1173 1944 1568 1736 1705 1975 1449 1351 2000 1080 1916 1536 1587 1387 1497 1996 1830 1956 1668 1674 1848 1469 1348 1210 1345 1225 1334 1621 1434 1351 1230 1600 1286 1459 1246 1328 1781 1391 1618 1476 1893 1224 1463 1148 1852 1828 1847 1143 1983 1088 1734 1324 1213 1644 BCNSPRNW ULIB Ver.6.0+V

เปลี่ยนเป็นภาษาไทย

Change to English
 แสดงรายละเอียดบรรณานุกรม
  กลับหน้าหลัก

Brief Record : Get Marc (ISO 2709) : E-mail record : QR code < ปิดหน้าต่าง
LEADER : 00000nam 2200000uu 4500
001    13399114084
003     ULIB
008    120216s2549||||th 000 0 tha d
020    ^a9749459059
060 04 ^aWA395^bส138ร 2549
100 0  ^aสงวน นิตยารัมภ์พงศ์
245 00 ^aระบบสุขภาพในท้องถิ่น :^bอนาคตระบบสุขภาพไทย /^cสงวน นิตยารัมภ์พงศ์
250    ^aพิมพ์ครั้งที่ 1
260    ^aนนทบุรี :^bสำนักงานหลักประกันสุขภาพแห่งชาติ,^c2549
300    ^a56 หน้า :^bภาพประกอบ ;^c26 ซม
500    ^aปรับปรุงจากปาฐกถา ณัฐ ภมรประวัติ ครั้งที่ 19เรื่อง"การบริหารระบบสุขภาพในท้องถิ่นกับอนาคตระบบสุขภาพไทย"ในวันพฤหัสบดีที่ 8 กันยายน 2548 ณ หอประชุม ณัฐ ภมรประวัติ สถาบันพัฒนาการสาธาณรสุขอาเซียน"
650  7 ^aประกันสุขภาพ^zไทย
650  7 ^aสุขภาพ^zไทย
710 2  ^aสำนักงานหลักประกันสุขภาพแห่งชาติ
945    ^p0^l0^i24758
945    ^p0^l0^i24760
945    ^p0^l0^i24761
945    ^p0^l0^i24762
945    ^p0^l0^i24759
995    ^aกัณชพร
999    ^aใช้งานได้ทุกระบบ
รายการนี้ยังไม่มีแท็ก
คุณยังไม่ได้ล็อกอิน คุณสามารถมีกิจกรรมร่วมกับเว็บไซต์ได้ แต่ต้องล็อกอินก่อน ::
  ล็อกอิน

รายการสื่อสารสนเทศ

ลำดับที่ ประเภท เลขเรียก/บาร์โค้ด สถานที่ สถานะ
- ไม่พบข้อมูล -

รายการใกล้เคียง
    ผู้แต่ง [สงวน นิตยารัมภ์พงศ์]

BibComment


ยังไม่เคยถูกคอมเมนท์

คอมเมนท์ทรัพยากรรายการนี้
  คอมเมนท์: ระบบสุขภาพในท้อง..


 Copyright 2026. Bcnsprnw @Library